Proyecto hidroeléctrico Hacienda San Cayetano
Gardado en:
| Autor Principal: | |
|---|---|
| Formato: | Desconocido |
| Publicado: |
[San José, Costa Rica]
1948
|
| Materias: | |
| Etiquetas: |
Engadir etiqueta
Sen Etiquetas, Sexa o primeiro en etiquetar este rexistro!
|
MARC
| LEADER | 00000 a2200000 4500 | ||
|---|---|---|---|
| 003 | 010959 | ||
| 005 | 20221231143800.0 | ||
| 008 | 140114s1948 c a m 000 ||s d | ||
| 040 | |c cru CEDI | ||
| 090 | |a TFG 023 | ||
| 100 | |a Esquivel Y., Narciso |9 17009 | ||
| 245 | |a Proyecto hidroeléctrico Hacienda San Cayetano | ||
| 260 | |c 1948 |a [San José, Costa Rica] | ||
| 300 | |a 54 hojas gráficos (1 plegables), planos ; 29 cm | ||
| 500 | |a Tesis (Ingeniero Civil) Universidad de Costa Rica | ||
| 501 | |a Ed. mecanografiada | ||
| 650 | |x INGENIERÍA HIDRAÚLICA |9 17010 | ||
| 942 | |c TFG | ||
| 999 | |c 11897 |d 11897 | ||
